000 00467nam a22001577a 4500
020 _a9780750308878
082 _a535.15 SHI
100 _aShih, Yanhua.
245 _aAn introduction to quantum optics : photon and biphoton physics
260 _aBoca Raton
_bCRC Press
_c2011
300 _axix, 464 p.
_bill. ;
490 _aSeries in optics and optoelectronics
500 _aIncludes bibliographical references and index.
650 _aQuantum optics.
942 _cBK
999 _c12403
_d12403